Normal view
MARC view
- Busi. Communication
Entry Topical Term
001 - CONTROL NUMBER
- control field: 61061
003 - CONTROL NUMBER IDENTIFIER
- control field: OSt
005 - DATE AND TIME OF LATEST TRANSACTION
- control field: 20220806110356.0
008 - FIXED-LENGTH DATA ELEMENTS
- fixed length control field: 220806|| aca||aabn | a|a d
040 ## - CATALOGING SOURCE
- Original cataloging agency: OSt
- Transcribing agency: OSt
150 ## - HEADING--TOPICAL TERM
- Topical term or geographic name entry element: Busi. Communication
670 ## - SOURCE DATA FOUND
- Source citation: Work cat.: (OSt)34846: Fitzgerald, J. / Dennis, A. 61060, Business Data Communications And Networking, 2002